000 00480nam a2200169 i 4500
001 97092
003 ES-MaACL
005 20230906182033.0
007 t|
008 050706s1967 sp ||||1| spa d
110 2 _aMovimiento Nacional (España)
_95776
245 1 0 _aManual del concejal.
260 _aValencia :
_bJefatura Provincial del Movimiento,
_c1967.
300 _a158 p. ;
_c21 cm.
650 0 0 _aAdministración municipal-
_zEspaña.
_99642
852 _aES-MaACL
_jC-32074
999 _c97092
_d97092